000 00890agaaa2200265 4500
001 7956
003 IT-RoPAU
005 20220918181302.0
007 d cvaizq
008 50131s9999||||xx ||| | || ||und||
040 _aIT-RoPAU
_cIT-RoPAU
041 _aITALIANO
100 _aAA.VV.
_gCodice regista SPICS: 12000
_953788
130 _aVIDEOCLIP 1991
_953789
245 _aVIDEOCLIP 1991
_cDiretto da: AA.VV.
_pVIDEOCLIP 1991 (Rif. Codice opera principale : 97956)
250 _aEdizione Standard
260 _aROMA (ITALIA)
_bSPICS RECORDS /
_g"1991 (1° ed.: 1991 ; Ed. Lingua Orig.: 1991)"
300 _aVHS
_bsonoro, col.
520 _aRAF. BIANCA.
538 _aPAL, STEREO
546 _aITALIANO
650 _aVIDEOMUSIC
_eTV - VIDEOCLIP [VHS]
_xCodice MATERIA SPICS: 9969
_953790
700 _aAA.VV.
_e(regista/i)
_gCodice regista SPICS: 12000
_953788
942 _cVH
_2ddc
999 _c107845
_d107845